00639nam a2200205Ia 4500003000900000008004100009020001800050040001600068080001700084100001800101245007800119260004500197300001400242490004900256650001800305650002800323650001900351650004300370700002000413IN-BaIIA211028s9999 xx 000 0 eng d a0-521-20016-4 cIIA Library a524.834bHAW aHawking, S. W 4aThe Large scale structure of space-timecS. W. Hawking and G. F. R. Ellis aLondonbCambridge University Pressc1973 axi, 391p. aCambridge monographs on mathematical physics a Cosmology  a Large scale structure a Space time  aAstronomy and astrophysics thesaurus  aEllis, G. F. R.